00165nam a2200073Ia 4500008004100000041000800041100002300049245001900072250605s9999 xx 000 0 und d aeng aNidhi Pramod Dubey aMorgan Stanley